[Event "Reykjavik op"]
[Site "Reykjavik"]
[Date "2023.04.02"]
[Round "7"]
[White "Verweij, Kees"]
[Black "Geirsson, Kristjan"]
[Result "1-0"]
[WhiteElo "2010"]
[BlackElo "1700"]
[PlyCount "99"]
[EventDate "2023.03.29"]
[EventType "swiss"]
[EventRounds "9"]
[EventCountry "ISL"]
[SourceTitle "EXT 2024"]
[Source "ChessBase"]
[SourceDate "2023.10.10"]
[SourceVersion "1"]
[SourceVersionDate "2023.10.10"]
[SourceQuality "1"]

1. d4 Nf6 2. c4 e6 3. Nc3 Bb4 4. Qc2 c5 5. dxc5 Na6 6. Nf3 Nxc5 7. a3 Bxc3+ 8. bxc3 b6 9. Bf4 0-0 10. Bd6 Re8 11. Nd2 Bb7 12. f3 e5 13. Bxc5 bxc5 14. e4 Rb8 15. Be2 Nh5 16. g3 Nf6 17. 0-0 Bc6 18. Rfb1 d6 19. Rxb8 Qxb8 20. a4 a5 21. Nb1 Qc7 22. Na3 Qd7 23. Nb5 h6 24. Rd1 Re6 25. Bf1 g5 26. Qe2 Bxb5 27. axb5 Qc7 28. Bh3 g4 29. Bxg4 Nxg4 30. fxg4 a4 31. Qc2 Qa5 32. Ra1 a3 33. Qb3 Qa8 34. Qb1 Re7 35. Kf2 Qa4 36. Qa2 Ra7 37. Ke3 Kg7 38. h4 Ra8 39. Kd3 Ra7 40. Qc2 Qa5 41. Qb3 Kf8 42. b6 Rb7 43. Rxa3 Qxb6 44. Ra8+ Kg7 45. Qxb6 Rxb6 46. Rd8 f6 47. Rd7+ Kg8 48. Kc2 Kf8 49. Rh7 Rb8 50. Rh8+ 1-0

[Event "Reykjavik op"]
[Site "Reykjavik"]
[Date "2023.03.30"]
[Round "2"]
[White "Chilton, James I"]
[Black "Verweij, Kees"]
[Result "1/2-1/2"]
[WhiteElo "1722"]
[BlackElo "2010"]
[PlyCount "81"]
[EventDate "2023.03.29"]
[EventType "swiss"]
[EventRounds "9"]
[EventCountry "ISL"]
[SourceTitle "CBM 213 Extra"]
[Source "ChessBase"]
[SourceDate "2023.05.31"]
[SourceVersion "1"]
[SourceVersionDate "2023.05.31"]
[SourceQuality "1"]

1. d4 g6 2. c4 Nf6 3. Nc3 Bg7 4. e4 d6 5. Nf3 0-0 6. Bd3 Bg4 7. Be3 e5 8. d5 a5 9. h3 Bxf3 10. Qxf3 Nbd7 11. 0-0 Nc5 12. Bc2 Ne8 13. g4 Qh4 14. Ne2 Bh6 15. Kh2 Bxe3 16. Qxe3 g5 17. Ng3 Ng7 18. Nf5 Nxf5 19. exf5 f6 20. a3 a4 21. Rg1 Kf7 22. Rg3 Rh8 23. Rag1 b6 24. R1g2 Rhb8 25. Qc1 Ra7 26. Qd1 b5 27. Rc3 bxc4 28. Rxc4 Rxb2 29. Rg3 Rab7 30. Kg2 Qh6 31. Bxa4 Rb1 32. Qc2 Qf8 33. Rxc5 dxc5 34. Bb3 Ra1 35. d6+ Kg7 36. Qe4 Rxb3 37. Rxb3 Qxd6 38. Rd3 Qa6 39. Qd5 Qd6 40. Qe4 Qa6 41. Qd5 1/2-1/2